Material science and metallurgy: for engineers (Record no. 1640)

MARC details
000 -LEADER
Fixed length control field 00589nam a2200181 4500
003 - CONTROL NUMBER IDENTIFIER
Control field SEACOMEC
005 - DATE AND TIME OF LATEST TRANSACTION
Control field 20240826133538.0
008 - FIXED-LENGTH DATA ELEMENTS--GENERAL INFORMATION
Fixed length control field 240212b |||||||| |||| 00| 0 eng d
020 ## - INTERNATIONAL STANDARD BOOK NUMBER / ISBN
Price Rs.450.00
International Standard Book Number ‎ 978-8188429448
040 ## - CATALOGING SOURCE
Original cataloging agency SEACOMEC
082 ## - DEWEY DECIMAL CLASSIFICATION NUMBER
Classification number 620.11
Book Number Y47
100 ## - MAIN ENTRY--PERSONAL NAME
Personal name Yesudian, C. Daniel
245 1# - TITLE STATEMENT
Title Material science and metallurgy: for engineers
Statement of responsibility C. Daniel Yesudian and D.G. HARRIS SAMUEL,
260 ## - IMPRINT
Place of publication CHENNAI.
Name of publisher SCITECH PUBLICATIONS (INDIA) PVT. LTD.,
Date of publication 2004
650 ## - SUBJECT ADDED ENTRY--TOPICAL TERM
Topical term Technology,Engineering mechanics and materials
700 ## - ADDED ENTRY--PERSONAL NAME
Personal name Kodgire,S.V.
942 ## - ADDED ENTRY ELEMENTS (KOHA)
Koha item type Books
Holdings
Withdrawn status Lost status Source of classification Damaged status Not for loan Home library Current library Date acquired Total Checkouts Call number Accession number Date last seen Price effective from Koha item type Copy number
    Dewey Decimal Classification     SEACOM ENGINEERING COLLEGE SEACOM ENGINEERING COLLEGE 16/08/2007   620.11 Y47 7941 26/08/2024 26/08/2024 Reference Books  
    Dewey Decimal Classification     SEACOM ENGINEERING COLLEGE SEACOM ENGINEERING COLLEGE 16/08/2007   620.11 Y47 7942 26/08/2024 26/08/2024 Books 1
    Dewey Decimal Classification     SEACOM ENGINEERING COLLEGE SEACOM ENGINEERING COLLEGE 16/08/2007   620.11 Y47 7943 26/08/2024 26/08/2024 Books 2
    Dewey Decimal Classification     SEACOM ENGINEERING COLLEGE SEACOM ENGINEERING COLLEGE 16/08/2007   620.11 Y47 7944 26/08/2024 26/08/2024 Books 3
    Dewey Decimal Classification     SEACOM ENGINEERING COLLEGE SEACOM ENGINEERING COLLEGE 16/08/2007   620.11 Y47 7945 26/08/2024 26/08/2024 Books 4
    Dewey Decimal Classification     SEACOM ENGINEERING COLLEGE SEACOM ENGINEERING COLLEGE 16/08/2007   620.11 Y47 7946 26/08/2024 26/08/2024 Books 5
    Dewey Decimal Classification     SEACOM ENGINEERING COLLEGE SEACOM ENGINEERING COLLEGE 16/08/2007   620.11 Y47 7947 26/08/2024 26/08/2024 Books 6
    Dewey Decimal Classification     SEACOM ENGINEERING COLLEGE SEACOM ENGINEERING COLLEGE 16/08/2007   620.11 Y47 7948 26/08/2024 26/08/2024 Books 7
© Seacom Engineering College, All rights reserved.      Powered by Koha